000 01088nam a22003377a 4500
003 CHAP
005 20220329140709.0
008 971013s1977 pt a r 10010 por d
010 _a56215
011 _a57187
035 _a61340
040 _cCHAP
082 0 4 _a630.981
_bS5 1976
111 0 0 _aSimposio sobre Cerrado (
_n4
_d: 1976
_c: Brasilia)
_9106396
245 1 _aBases para utilizacao agropecuaria
260 _aBelo Horizonte :
_bEd. Itatiaia,
_c1977
300 _a405 p.
_b: ilus.
490 _aReconquista do Brasil
_v; 38
590 _aBATCH-UPD
_b10
_c20130110
_lUCH01
_h0324
590 _aBATCH-UPD
_b10
_c20130409
_lUCH01
_h2357
590 _aBATCH-UPD
_b10
_c20130913
_lUCH01
_h2117
590 _aCONVERSION
_b10
_c20130109
_lUCH01
_h1330
650 1 4 _aAgricultura
_xSabanas.
_91788
650 1 4 _aGanaderĂ­a
_xSabanas.
_944844
650 1 4 _aSabanas
_xEcologĂ­a.
_9101093
650 1 4 _aSuelos
_xBrasil.
_9110223
830 0 _aReconquista do Brasil
_v; 38
_995011
901 _aBK
942 _cLIBRO
949 _a630.981 S5 1976
_bBC
_cLIBRO
_d33724000050241
_eLIBRO
_h43308
_i61340
_si
999 _c56215
_d56215